000 00968cam a22003018i 4500
001 18544007
003 PILC
005 20160308145341.0
008 150327s2016 mau 000 0 eng
010 _a 2015011211
020 _a9780415743501 (pbk)
040 _aDLC
_beng
_cDLC
_erda
042 _apcc
050 0 0 _aPN 1992.75
_b.Ut88 2016
082 0 0 _a791.4502/32
100 1 _aUtterback, Andrew Hicks.
245 1 0 _aStudio television production and directing :
_bconcepts, equipment, and procedures /
_cAndrew Utterback.
250 _aNew edition.
260 _aNY :
_bFocal Press,
_c2016.
263 _a1510
300 _a199 pages :
_billustrations ;
_c24 cm.
500 _aIncludes glossary and index.
650 0 _aTelevision
_xProduction and direction.
650 0 _aTelevision broadcasting
_xTechnological innovations.
906 _a7
_bcbc
_corignew
_d1
_eecip
_f20
_gy-gencatlg
942 _2lcc
_cBK
999 _c291488
_d291488